000 00354nam a2200157Ia 4500
001 27910
003 IN-NITTTR
005 20251114233346.0
008 251113s9999||||xx |||||||||||||| ||eng||
040 _beng
040 _cIN-NITTTR
041 _aeng
082 _a891.4308 P916B H
245 0 _aBhartiya gramin jeevan ki kahaniyan /
942 _2ddc
_cBK
999 _c30538
_d30538